01065nam a2200241Ia 4500001000700000003000500007008004100012010001100053040000900064100003500073245015800108260004400266300001000310502023200320650002800552650002200580650002400602650002700626700004500653700003700698700004700735700004100782Z_6196CHAP220113s2010 xx 000 0 und d a169437 cCHAP aRivas Martínez, Mayra Iliana aEfecto de la monensina y sebo sobre la fermentación ruminal y producción de metano en bovinos productores de leche /c Mayra Iliana Rivas Martínez aChihuahua, México :bEl autor,c2010 a51 h. aTesis ( Maestro en Ciencias ) -- Universidad Autónoma de Chihuahua, 2010 \ Dirección: David Domínguez Díaz; asesoría: Guillermo Villalobos Villalobos, Juan Angel Ortega Gutiérrez, Leonardo Carlos Valdez...[et. al.] aAgentes antimicrobianos aBovinos de leche  aMetabolismo Ruminal aProducción de metano a Ortega Gutiérrez, Juan Angel, asesor  a Valdez, Leonardo Carlos, asesor a Villalobos Villalobos, Guillermo, asesor  aDomínguez Díaz, David, director